Culture Générale - Série 121 - Statistiques

Statistiques générales
  • Ce quiz a été pris 485 fois
  • Le résultat moyen est 5 sur 10
Statistiques - réponses
Question Réponse % Correct
De quel animal la bave n'atteint-elle pas la blanche colombe ? Crapaud
89%
Dans quel pays d'Europe coule le Tibre ? Italie
80%
Quand ce n'est pas un récipient, qu'est-ce que la faisselle ? Fromage
78%
Quelle créature mythologique est le fils de Pasiphaé et d'un taureau ? Minotaure
66%
Dans un revolver, quel nom porte le magasin qui contient les cartouches ? Barillet
53%
Quel "petit ourson", ami d'un Indien, a été chanté par Chantal Goya ? Bouba
42%
Quel coureur automobile a remporté le Championnat du monde de F1 en 2006 ? Fernando Alonso
34%
Par quel vêtement commence la chanson "C'est extra" de Léo Ferré ? Une robe de cuir
26%
Quelle ville d'Asie a été un tube du Grand Orchestre du Splendid en 1979 ? Macao
23%
En 2006, qui incarne le "Président" dans le film de Lionel Delplanque ? Albert Dupontel
6%
Aucun quiz correspondant
Distribution des résultats
% des personnes avec chaque résultat
Percentile par nombre de réponses
Votre historique - résultats
Vous n’avez pas pris ce quiz